000
00235 a2200097 4500
001
44002
100
_a
Qureshi
245
_a
The economic and social system of Islam
260
_a
Lahore
_b
Islamic book service
_c
090
_c
27740
_d
27740
942
_a
NUST-CAE
_c
M
_c
19714
999
_c
279075
_d
279075